000 00283nam a22001337a 4500
008 170602b xxu||||| |||| 00| 0 eng d
020 _a0517362341
041 _aeng
080 _a93
100 _a17
101 _aSHH
245 _aTHE VERY RICH
_cTHORNDIKE, J.J
942 _2udc
_cBK
999 _c15743
_d15743